000 00633nam a2200181 a 4500
008 120416s1986 ||||||||||||||||| || u
020 _a3540161147
050 _aHF 5415 Ind
100 _aWilson, David T
245 1 0 _aIndustrial marketing
246 _aa German American perspective
260 _aBerlin
_bSpringer & Verlag
_c1986
300 _aviii, 373p. : ill
350 _a0.00
650 _aIndustrial marketing
650 0 _aMARKETING--MANAGEMENT--CASE STUDIES
995 _D0.00
_FCBU-MAIN LIBRARY (Kitwe)
_H1
_I48.95
_M1
_UAVAILABLE
_ZMain Library Open Access Collection
999 _c46733
_d46733